000 01244nam a22002297a 4500
999 _c64064
_d64064
003 Ge_BSU
005 20260319105743.0
008 260319s2011 ge ||||| |||| 00| 0 geo d
020 _a9789941103063
041 _ageo
080 _a330.322(075.8) კ-17
100 _aკაკაბაძე, ვაჟა
_9855
245 _aინვესტიციები და პროექტის მართვა :
_b[სახელმძღვანელო] /
_cვაჟა კაკაბაძე; სამეცნიერო რედაქტორი გიორგი დოღონაძე; სასწავლო უნივერსიტეტი "მიმი".
264 _aთბილისი :
_bმერიდიანი,
_c2011.
300 _a376 გვ. :
_bილ. ;
_c29 სმ.
504 _aბიბლიოგრ.: გვ. 373-375.
653 _aინვესტიციები
653 _aპროექტის მართვა
700 _aდოღონაძე, გიორგი
_eსამეცნ. რედაქტორი
_927161
710 _aსასწავლო უნივერსიტეტი "მიმი".
_927162
942 _2udc
_cᲬᲘᲒᲜᲘ